Millimeter Wave Array Antenna for 5G Communication / (Record no. 615968)
[ view plain ]
| 000 -LEADER | |
|---|---|
| fixed length control field | 00742nam a22001697a 4500 |
| 003 - CONTROL NUMBER IDENTIFIER | |
| control field | NUST |
| 082 ## - DEWEY DECIMAL CLASSIFICATION NUMBER | |
| Classification number | 621.382,TAR |
| 100 ## - MAIN ENTRY--PERSONAL NAME | |
| Personal name | Tariq, Zayyad Bin |
| 9 (RLIN) | 132993 |
| 245 ## - TITLE STATEMENT | |
| Title | Millimeter Wave Array Antenna for 5G Communication / |
| Statement of responsibility, etc. | Zayyad Bin Tariq, Sheharyar Khan, Bilal Saeed and Omer Farooq (BETE-54 / TCC-29) |
| 260 ## - PUBLICATION, DISTRIBUTION, ETC. | |
| Place of publication, distribution, etc. | Rawalpindi |
| Name of publisher, distributor, etc. | MCS (NUST) |
| Date of publication, distribution, etc. | June, 2021 |
| 300 ## - PHYSICAL DESCRIPTION | |
| Extent | 42 p.; |
| 505 ## - FORMATTED CONTENTS NOTE | |
| Formatted contents note | Introduction (Page-10, Literature Review (Page-10), HFSS Design and Results (Page-17), Millimeter Waveband Array Design (Page-24), Future Work and Conclusion (Page-37), References (Page-38). |
| 650 ## - SUBJECT ADDED ENTRY--TOPICAL TERM | |
| Topical term or geographic name entry element | UG Project |
| 9 (RLIN) | 131132 |
| 651 ## - SUBJECT ADDED ENTRY--GEOGRAPHIC NAME | |
| Geographic name | (BETE-54 / TCC-29) |
| 9 (RLIN) | 132912 |
| 700 ## - ADDED ENTRY--PERSONAL NAME | |
| Personal name | Supervised by Lecturer Maryam Rasool |
| 9 (RLIN) | 132869 |
| 942 ## - ADDED ENTRY ELEMENTS (KOHA) | |
| Source of classification or shelving scheme | |
| Koha item type | Project Report |
| Withdrawn status | Lost status | Source of classification or shelving scheme | Damaged status | Not for loan | Permanent Location | Current Location | Shelving location | Date acquired | Total Checkouts | Full call number | Barcode | Date last seen | Price effective from | Koha item type | Public note |
|---|---|---|---|---|---|---|---|---|---|---|---|---|---|---|---|
| Military College of Signals (MCS) | Military College of Signals (MCS) | Reference | 01/30/2026 | 621.382,TAR | MCSPTE-311 | 01/30/2026 | 01/30/2026 | Project Report | Almirah No. 90, Shelf No.5 |
